| 000 | 00707nam a2200181Ia 4500 | ||
|---|---|---|---|
| 008 | 0000001986 usa 0000000000eng00 | ||
| 090 | _aPSP00 P37g | ||
| 245 | 1 | 0 |
_aGerardo Pita _b: staempfli, new paintings and drawings |
| 300 |
_a1 plegable [4] p. _c/ 20 cm. |
||
| 500 | _aExposiciónen realizada en Staempfli, New York, Noviembre 11 Diciembre 6, 1986 \ Con el patronazgo del maestro venezolano Jesús Rafael Soto (q.e.p.d.) | ||
| 600 | 0 | 0 |
_aPITA, GERARDO, 1950/ _xTRABAJOS PICTORICOS |
| 650 | 1 | 4 | _aARTE CONTEMPORANEO ESPAÑOL |
| 650 | 1 | 4 | _xCATALOGOS |
| 650 | 1 | 4 | _xEXPOSICIONES |
| 650 | 1 | 4 | _aPINTORES ESPAÑOLES |
| 650 | 1 | 4 | _aPINTURA ESPAÑOLA |
| 999 |
_c6452 _d6452 |
||
| 260 |
_aNew York : <s.n.> _c1986 |
||